Comment on crée une mine / (Record no. 90815)

MARC details
000 -LEADER
campo de control de longitud fija 00463nam a2200169 i 4500
001 - NÚMERO DE CONTROL
campo de control 90815
003 - IDENTIFICADOR DE NÚMERO DE CONTROL
campo de control ES-MaACL
005 - FECHA Y HORA DE LA ÚLTIMA TRANSACCIÓN
campo de control 20230906180552.0
007 - CAMPO FIJO DE DESCRIPCIÓN FÍSICA--INFORMACIÓN GENERAL
campo de control de longitud fija t|
008 - DATOS DE LONGITUD FIJA--INFORMACIÓN GENERAL
campo de control de longitud fija 050125q1913 fr ||||1| fre d
100 1# - ENTRADA PRINCIPAL--NOMBRE DE PERSONA
Nombre de persona Lecomte-Denis, Maurice.
9 (RLIN) 71105
245 10 - MENCIÓN DEL TÍTULO
Título Comment on crée une mine /
Mención de responsabilidad, etc. Maurice Lecomte-Denis.
260 ## - PUBLICACIÓN, DISTRIBUCIÓN, ETC.
Lugar de publicación, distribución, etc. París :
Nombre del editor, distribuidor, etc. Dunod & Pinad,
Fecha de publicación, distribución, etc. [1913?]
300 ## - DESCRIPCIÓN FÍSICA
Extensión V, 224 p. ;
Dimensiones 19 cm.
650 04 - PUNTO DE ACCESO ADICIONAL DE MATERIA--TÉRMINO DE MATERIA
Término de materia o nombre geográfico como elemento de entrada Minería.
9 (RLIN) 15054
852 ## - LOCALIZACIÓN
Ubicación ES-MaACL
Número de control de estantería G-15818
Holdings
Estatus retirado Estado de pérdida Estado de daño No para préstamo Biblioteca de origen Biblioteca actual Ubicación en estantería Fecha de adquisición Fuente de adquisición Total de préstamos Signatura topográfica completa Código de barras Visto por última vez Precio de reemplazo Tipo de ítem Koha
        Biblioteca del Ateneo de Madrid Biblioteca del Ateneo de Madrid Sala Pecera Planta 3 17/01/2008     G-15818 1094821 23/02/2023 23/02/2023 Libro impreso